| 000 | 00885nam a2200265Ia 4500 | ||
|---|---|---|---|
| 001 | 9833 | ||
| 003 | GE_BSU | ||
| 008 | 181216s||||||||xx |||||||||||||| ||und|| | ||
| 020 | _a9992884762 | ||
| 040 | _cGE_BSU | ||
| 080 | _a821.353.1-1:821.353.1-11 | ||
| 100 | _aანანიძე,შოთა | ||
| 245 | _aმომენატრეთ ძალიან | ||
| 245 | _bლექსები.პოემა | ||
| 245 | _cრედ:ჯემალ სურმანიძე,მხატ.რედ:გურამ გუჯაბიძე | ||
| 260 | _aბათუმი | ||
| 260 | _bგამ-ბა აჭარა | ||
| 260 | _c2001 | ||
| 300 | _a56გვ;19სმ | ||
| 300 | _b1ფ პორტრეტი | ||
| 541 | _h1ლ | ||
| 653 | _aლექსები.პოემა | ||
| 653 | _aმომენატრეთ ძალიან | ||
| 942 | _cBK | ||
| 999 |
_c43112 _d43112 |
||